000 00578cam a22002291 4500
001 sa 68000518
003 DLC
005 20260227112424.0
008 890714s1966 ii b 000 0 hino
010 _asa 68000518
035 _a(OCoLC)20011574
040 _aDLC
_cWaU
_dDLC
042 _apremarc
050 0 0 _aPK575
_b.S2
100 1 _aŚarmā, Rāmacandra.
245 1 0 _aSaṃskr̥ta-vyākaraṇa-bodha.
260 _c[1966]
300 _a12, 272 p.
_c19 cm.
500 _aIn Hindi.
504 _aBibliographical footnotes.
650 0 _aSanskrit language
_xGrammar.
999 _c77264
_d77264